000 00504nam a2200181Ia 4500
999 _c2032
_d2032
003 OSt
005 20200820095232.0
008 190216s9999||||xx |||||||||||||| ||und||
040 _coclc
082 _a541
_bSHA/T
100 _aSharma, K K
_94218
245 0 _aA Textbook Of Physical Chemistry /
_cK K Sharma
250 _a1st Ed.
260 _bVikas Publishing House,
_aNew Delhi:
300 _a600p
650 _aChemistry-Chemistry
942 _cBK
_2ddc
_h541
_iSHA/T
_k541
_mSHA/T